000 00543nam a2200157Ia 4500
008 230907s9999||||xx |||||||||||||| ||und||
082 _a620.1
_bTAL
100 _aTalha Bin Farooq (00000274724)
_9116661
245 0 _aEnvironmental Performance of a Green Educational Building : Case Study of U.S. Pakistan Center for Advanced Studies in Energy /
260 _aUSPCAS-E, NUST,
_bIslamabad :
_c2021
300 _axiii, 72 p.
520 _aTH-331
650 _aMS-TEE Thesis MS Thesis
700 _aDr Muhammad Bilal Sajid
942 _cTHE
_2ddc
999 _c602009
_d602009